Class C2 is in need of a cure (Record no. 73483)

MARC details
000 -LEADER
fixed length control field 01335cam a2200241 4500
001 - CONTROL NUMBER
control field ABS67098
008 - FIXED-LENGTH DATA ELEMENTS--GENERAL INFORMATION
fixed length control field 030930n2003 000 0 eng u
035 ## - SYSTEM CONTROL NUMBER
System control number (Sirsi) u123753
100 ## - MAIN ENTRY--PERSONAL NAME
Personal name Ridout, P.
245 ## - TITLE STATEMENT
Title Class C2 is in need of a cure
260 ## - PUBLICATION, DISTRIBUTION, ETC.
Date of publication, distribution, etc. 2003
490 ## - SERIES STATEMENT
Series statement Estates Gazette
Volume/sequential designation (0333) 16 August 2003, 57(1)
520 ## - SUMMARY, ETC.
Summary, etc. Examines the need to revise Class C2 of the Town and Country Planning (Use Classes) Order 1987 (UCO) in the light of the definitions adopted in the Care Standards Act 2000 (CSA) that came into force on 1 April 2002. The definitions do not match the categories of use contained in the UCO. Concludes that a review of the UCO would provide an ideal opportunity to consider whether care uses should be reclassified into legally or operationally recognisable categories or whether they should be separated out from C2 altogether. Argues that the CSA's focus on use by reference to user-need is not the correct approach for planning purposes and that more building-user descriptions are required.
590 ## - LOCAL NOTE (RLIN)
Local note ABS
650 ## - SUBJECT ADDED ENTRY--TOPICAL TERM
Topical term or geographic name entry element CARE HOMES
650 ## - SUBJECT ADDED ENTRY--TOPICAL TERM
Topical term or geographic name entry element USE CLASSES
650 ## - SUBJECT ADDED ENTRY--TOPICAL TERM
Topical term or geographic name entry element RESIDENTIAL CARE
650 ## - SUBJECT ADDED ENTRY--TOPICAL TERM
Topical term or geographic name entry element CARE STANDARDS ACT 2000
650 ## - SUBJECT ADDED ENTRY--TOPICAL TERM
Topical term or geographic name entry element TOWN AND COUNTRY PLANNING (USE CLASSES) ORDER 1987
690 ## - LOCAL SUBJECT ADDED ENTRY--TOPICAL TERM (OCLC, RLIN)
Topical term or geographic name as entry element Planning and development
9 (RLIN) 6259
700 ## - ADDED ENTRY--PERSONAL NAME
Personal name Castorina, G.
942 ## - ADDED ENTRY ELEMENTS (KOHA)
Suppress in OPAC 0
Holdings
Withdrawn status Lost status Source of classification or shelving scheme Damaged status Not for loan Home library Current library Shelving location Date acquired Total Checkouts Full call number Barcode Date last seen Copy number Price effective from Koha item type
    Dewey Decimal Classification     London London Journal article 30/09/2003   ABS67098 123753-1001 06/08/2019 1 06/08/2019 Journal article